000 00559nam 22002173 4500
001 201053
010 _a972-21-0716-X
021 _b52600/92
090 _a201053
100 _a20260309d u||y0pory50 ba
200 _aMusicália
_fFernando Lopes-Graça
205 _a
210 _aLisboa
_cEditorial Caminho
_d1992
215 _a222 p.
_cbrochado
_d20 cm
225 _aObras Literárias
606 _91103
_aMúsica
675 _a78
_vPT
_zpor
700 _97496
_aLopes-Graça
_bFernando
801 _aPT
_bBMMN
_gRPC
830 _cFernando
_fFernando
990 _cLIVROS